[Event "Moscú open 2006"]
[Site "Moscu RUS"]
[Date "2006.01.30"]
[Round "2.21"]
[White "Shomoev, Anton"]
[Black "Grabuzova, Tatiana"]
[Result "1-0"]
[WhiteElo "2490"]
[BlackElo "2332"]
[PlyCount "72"]
[EventDate "2006.01.29"]
[EventType "swiss"]
[EventRounds "9"]
[EventCountry "RUS"]
[Source "lmi"]
[SourceDate "2006.02.06"]

1. e4 c6 2. d4 d5 3. e5 Bf5 4. Nc3 e6 5. g4 Bg6 6. Nge2 c5 7. Be3 Nc6 8. dxc5
a6 9. Nd4 h5 10. g5 Rc8 11. Nxc6 Rxc6 12. b4 Rc8 13. Na4 Qc7 14. Nb6 Rd8 15. c4
Ne7 16. Bg2 Qxe5 17. O-O Be4 18. Qa4+ Nc6 19. f3 Bd3 20. Rfe1 Qb2 21. Rad1 dxc4
22. f4 Be7 23. Bxc6+ bxc6 24. Qxc6+ Kf8 25. Nd7+ Kg8 26. Ne5 Qxb4 27. g6 Rh6
28. f5 Rf8 29. Bxh6 gxh6 30. gxf7+ Kg7 31. Nxd3 cxd3 32. fxe6 Rd8 33. Kh1 Bxc5
34. Qg2+ Kh8 35. Re4 Qb7 36. Re5 Qe7 1-0

[Event "Moscú open 2006"]
[Site "Moscu RUS"]
[Date "2006.01.30"]
[Round "2.22"]
[White "Petrosian, Davit Gevorgi"]
[Black "Ulko, Jaroslav"]
[Result "1-0"]
[WhiteElo "2377"]
[BlackElo "2464"]
[PlyCount "45"]
[EventDate "2006.01.29"]
[EventType "swiss"]
[EventRounds "9"]
[EventCountry "RUS"]
[Source "lmi"]
[SourceDate "2006.02.06"]

1. e4 c5 2. Nf3 d6 3. d4 cxd4 4. Nxd4 Nf6 5. Nc3 e6 6. g4 Nc6 7. g5 Nd7 8. h4
Be7 9. Be3 a6 10. Qe2 O-O 11. O-O-O Nxd4 12. Bxd4 b5 13. a3 Rb8 14. e5 b4 15.
exd6 Bxd6 16. axb4 Rxb4 17. Kb1 Bb7 18. Rh3 a5 19. Ba7 Nb6 20. Rhd3 Nc4 21.
Rxd6 Nxd6 22. Bc5 Rxh4 23. Rxd6 1-0

[Event "Moscú open 2006"]
[Site "Moscu RUS"]
[Date "2006.01.30"]
[Round "2.23"]
[White "Kryakvin, Dmitry"]
[Black "Moskalenko, Alexander"]
[Result "1-0"]
[WhiteElo "2479"]
[BlackElo "2355"]
[PlyCount "79"]
[EventDate "2006.01.29"]
[EventType "swiss"]
[EventRounds "9"]
[EventCountry "RUS"]
[Source "lmi"]
[SourceDate "2006.02.06"]

1. d4 Nf6 2. c4 e6 3. Nc3 Bb4 4. Qc2 d5 5. cxd5 exd5 6. Bg5 h6 7. Bxf6 Qxf6 8.
a3 Bxc3+ 9. Qxc3 c6 10. e3 O-O 11. Nf3 Bf5 12. Be2 Nd7 13. O-O a5 14. b4 axb4
15. axb4 b5 16. Ne5 Rxa1 17. Rxa1 Nxe5 18. dxe5 Qg6 19. Ra6 Bh3 20. Bf1 Bd7 21.
f3 Qb1 22. Kf2 Qf5 23. Ra7 Rd8 24. g4 Qg6 25. Bd3 Qg5 26. Kg3 Qe7 27. Bf5 Qe8
28. f4 Bxf5 29. gxf5 Ra8 30. Rc7 Rc8 31. Rb7 c5 32. e6 d4 33. exd4 Qc6 34.
exf7+ Kh7 35. Qf3 Qf6 36. dxc5 Ra8 37. Rd7 Ra1 38. Qd3 Ra8 39. c6 Kh8 40. c7
1-0

[Event "Moscú open 2006"]
[Site "Moscu RUS"]
[Date "2006.01.30"]
[Round "2.24"]
[White "Hasangatin, Ramil"]
[Black "Maslov, Mikhail"]
[Result "1-0"]
[WhiteElo "2353"]
[BlackElo "2333"]
[PlyCount "39"]
[EventDate "2006.01.29"]
[EventType "swiss"]
[EventRounds "9"]
[EventCountry "RUS"]
[Source "lmi"]
[SourceDate "2006.02.06"]

1. d4 f5 2. Nc3 g6 3. e4 fxe4 4. Nxe4 Nf6 5. Nxf6+ exf6 6. Bd3 d5 7. h4 c5 8.
h5 c4 9. Be2 g5 10. h6 Bf5 11. b3 cxb3 12. axb3 Qc8 13. c4 Nc6 14. Nf3 Bb4+ 15.
Bd2 dxc4 16. Bxc4 g4 17. Nh4 Bd7 18. Bxb4 Nxb4 19. O-O Qc7 20. Qe1+ 1-0

[Event "Moscú open 2006"]
[Site "Moscu RUS"]
[Date "2006.01.31"]
[Round "3.1"]
[White "Khismatullin, Denis"]
[Black "Smirnov, Igor"]
[Result "1/2-1/2"]
[WhiteElo "2548"]
[BlackElo "2438"]
[PlyCount "108"]
[EventDate "2006.01.29"]
[EventType "swiss"]
[EventRounds "9"]
[EventCountry "RUS"]
[Source "lmi"]
[SourceDate "2006.02.06"]

1. d4 Nf6 2. c4 e6 3. Nc3 Bb4 4. Qc2 O-O 5. a3 Bxc3+ 6. Qxc3 b6 7. Bg5 Bb7 8.
e3 d6 9. Ne2 Nbd7 10. Qd3 Ba6 11. b4 c5 12. b5 Bb7 13. Nc3 Rc8 14. d5 exd5 15.
cxd5 Re8 16. Be2 h6 17. Bh4 c4 18. Qd4 g5 19. Bg3 Nc5 20. Qxc4 Nce4 21. Nxe4
Nxe4 22. Qd4 Rc5 23. Bc4 Qc7 24. Bb3 Rxb5 25. Qd3 Qc3+ 26. Qxc3 Nxc3 27. Bc2
Bxd5 28. Bxd6 Rb2 29. Bd3 Bxg2 30. Rg1 Rd8 31. Be5 Rxd3 32. Rxg2 Rc2 33. Rg4
Nd5 34. Rd4 Rxd4 35. Bxd4 Kf8 36. Kf1 Nc3 37. Bxc3 Rxc3 38. a4 Rc5 39. Rd1 Rc4
40. a5 bxa5 41. Rd7 Ra4 42. Rxa7 Ra1+ 43. Kg2 a4 44. f4 gxf4 45. exf4 a3 46.
Kh3 Kg7 47. Kg4 Ra2 48. h4 Rg2+ 49. Kf3 Rh2 50. Kg3 Ra2 51. Kg4 Ra1 52. Kf5 h5
53. Kg5 a2 54. Kxh5 Rf1 1/2-1/2

[Event "Moscú open 2006"]
[Site "Moscu RUS"]
[Date "2006.01.31"]
[Round "3.2"]
[White "Maslak, Konstantin"]
[Black "Nechepurenko, Roman V"]
[Result "1-0"]
[WhiteElo "2477"]
[BlackElo "2402"]
[PlyCount "65"]
[EventDate "2006.01.29"]
[EventType "swiss"]
[EventRounds "9"]
[EventCountry "RUS"]
[Source "lmi"]
[SourceDate "2006.02.06"]

1. e4 d6 2. d4 Nf6 3. Nc3 e5 4. dxe5 dxe5 5. Qxd8+ Kxd8 6. Bg5 Be6 7. O-O-O+
Nbd7 8. f4 exf4 9. Nf3 Kc8 10. Bxf4 Ng4 11. Nb5 Nf2 12. Nxc7 Nxh1 13. Nxa8 Nf2
14. Rd4 Bc5 15. Ra4 Rd8 16. Nd2 g5 17. Bc7 Rg8 18. Ra5 Ng4 19. Nc4 Ne3 20. Rxc5
Nxc5 21. Nxe3 Kd7 22. Bb5+ Ke7 23. e5 Ne4 24. Bd3 f5 25. Bxe4 fxe4 26. Bd6+ Kd7
27. Nc7 Rc8 28. Nxe6 Kxe6 29. c4 h5 30. Kd2 Rd8 31. b4 a6 32. Nc2 Rc8 33. Nd4+
1-0

[Event "Moscú open 2006"]
[Site "Moscu RUS"]
[Date "2006.01.31"]
[Round "3.4"]
[White "Shabanov, Yuri"]
[Black "Iskusnyh, Sergei"]
[Result "1/2-1/2"]
[WhiteElo "2435"]
[BlackElo "2459"]
[PlyCount "39"]
[EventDate "2006.01.29"]
[EventType "swiss"]
[EventRounds "9"]
[EventCountry "RUS"]
[Source "lmi"]
[SourceDate "2006.02.06"]

1. e4 c5 2. Nf3 d6 3. c3 Nf6 4. Be2 Bg4 5. O-O e6 6. Re1 Be7 7. d4 cxd4 8. cxd4
O-O 9. Nc3 d5 10. exd5 Nxd5 11. Qb3 Nc6 12. Nxd5 Qxd5 13. Qxd5 exd5 14. Be3 Bb4
15. Red1 Rfe8 16. Kf1 Rac8 17. Rac1 f6 18. h3 Bh5 19. g4 Bf7 20. Ne1 1/2-1/2

[Event "Moscú open 2006"]
[Site "Moscu RUS"]
[Date "2006.01.31"]
[Round "3.6"]
[White "Slizhevsky, Alexander"]
[Black "Yandemirov, Valeri"]
[Result "1/2-1/2"]
[WhiteElo "2409"]
[BlackElo "2481"]
[PlyCount "27"]
[EventDate "2006.01.29"]
[EventType "swiss"]
[EventRounds "9"]
[EventCountry "RUS"]
[Source "lmi"]
[SourceDate "2006.02.06"]

1. c4 Nf6 2. Nf3 g6 3. Nc3 d5 4. cxd5 Nxd5 5. Qa4+ Bd7 6. Qh4 Nxc3 7. dxc3 Nc6
8. Bf4 Bf5 9. Qg3 Qd5 10. Bxc7 Bg7 11. Nd2 e5 12. e4 Bxe4 13. Bc4 Qd7 14. Nxe4
1/2-1/2

[Event "Moscú open 2006"]
[Site "Moscu RUS"]
[Date "2006.01.31"]
[Round "3.7"]
[White "Zabotin, Alexander"]
[Black "Ivanov, Victor L"]
[Result "1/2-1/2"]
[WhiteElo "2332"]
[BlackElo "2463"]
[PlyCount "120"]
[EventDate "2006.01.29"]
[EventType "swiss"]
[EventRounds "9"]
[EventCountry "RUS"]
[Source "lmi"]
[SourceDate "2006.02.06"]

1. e4 c5 2. c3 d5 3. exd5 Qxd5 4. d4 g6 5. Nf3 Bg7 6. Na3 cxd4 7. Bc4 Qe4+ 8.
Be3 Nh6 9. Bd3 Qd5 10. O-O O-O 11. Bxd4 Nc6 12. c4 Qa5 13. Bxg7 Kxg7 14. Be4
Nf5 15. Nc2 Rd8 16. Qe2 Nfd4 17. Nfxd4 Nxd4 18. Nxd4 Rxd4 19. Bd5 Qc7 20. Qe3
Rf4 21. Rad1 Rf6 22. Rfe1 Be6 23. Bxe6 Rxe6 24. Qd4+ Rf6 25. b3 Kg8 26. Qd7 Qb6
27. Re2 e5 28. Rd5 e4 29. h3 a6 30. Rd4 Re6 31. Rexe4 Rxe4 32. Rxe4 Rd8 33.
Re8+ Rxe8 34. Qxe8+ Kg7 35. Qe5+ Kg8 36. g3 h5 37. h4 Qb4 38. Kg2 b6 39. Kf3 a5
40. Ke2 Kh7 41. Qb5 Qd6 42. Qd5 Qf6 43. Kf1 Kg7 44. Kg2 Qb2 45. Qd6 Qxa2 46.
Qxb6 a4 47. bxa4 Qxa4 48. Qd4+ Kg8 49. Qd5 Qb3 50. Qd8+ Kg7 51. Qd4+ Kg8 52. c5
Qb7+ 53. Kf1 Qc6 54. Ke2 Kf8 55. Ke3 Qe6+ 56. Qe4 Qb3+ 57. Kf4 Qb2 58. Qe3 Qf6+
59. Ke4 Qc6+ 60. Ke5 Ke7 1/2-1/2

[Event "Moscú open 2006"]
[Site "Moscu RUS"]
[Date "2006.01.31"]
[Round "3.8"]
[White "Tihonov, Jurij"]
[Black "Yuferov, Sergey  N"]
[Result "1/2-1/2"]
[WhiteElo "2454"]
[BlackElo "2431"]
[PlyCount "95"]
[EventDate "2006.01.29"]
[EventType "swiss"]
[EventRounds "9"]
[EventCountry "RUS"]
[Source "lmi"]
[SourceDate "2006.02.06"]

1. d4 Nf6 2. c4 e6 3. Nf3 d5 4. cxd5 exd5 5. Nc3 Be7 6. Bg5 c6 7. Qc2 Nbd7 8.
e3 O-O 9. Bd3 Re8 10. O-O Nf8 11. h3 Ng6 12. Bxf6 Bxf6 13. b4 a6 14. a4 Nf8 15.
b5 a5 16. bxc6 bxc6 17. Ne2 Bd7 18. Rab1 g6 19. Nf4 Qe7 20. Rb6 Reb8 21. Rfb1
Qd8 22. Rxb8 Rxb8 23. Rxb8 Qxb8 24. Qc5 Bd8 25. Ne5 Qc7 26. h4 f6 27. Nxd7 Qxd7
28. h5 Kg7 29. hxg6 hxg6 30. Qc2 f5 31. Ba6 Bc7 32. Nd3 Ne6 33. g3 Bd6 34. Qc3
Qc7 35. Kg2 Kf6 36. Qb2 Ke7 37. Qb1 Qa7 38. Bc8 Nf8 39. g4 Kd8 40. Qb7 Qxb7 41.
Bxb7 Kc7 42. Ba6 fxg4 43. Nc1 Nd7 44. Nb3 Nf6 45. Bd3 Bb4 46. Bxg6 Nd7 47. Bc2
Nb6 48. Nc1 1/2-1/2

[Event "Moscú open 2006"]
[Site "Moscu RUS"]
[Date "2006.01.31"]
[Round "3.9"]
[White "Gasanov, Eldar"]
[Black "Shomoev, Anton"]
[Result "1/2-1/2"]
[WhiteElo "2438"]
[BlackElo "2490"]
[PlyCount "61"]
[EventDate "2006.01.29"]
[EventType "swiss"]
[EventRounds "9"]
[EventCountry "RUS"]
[Source "lmi"]
[SourceDate "2006.02.06"]

1. d4 Nf6 2. c4 e6 3. Nc3 Bb4 4. Qc2 O-O 5. e4 d5 6. e5 Ne4 7. a3 Bxc3+ 8. bxc3
c5 9. Bb2 cxd4 10. cxd4 Bd7 11. Ne2 Qa5+ 12. Nc3 Rc8 13. Bd3 Nc6 14. Bxe4 dxe4
15. Qd2 Qa6 16. Nxe4 Na5 17. Nc5 Nxc4 18. Nxa6 Nxd2 19. Kxd2 bxa6 20. Rhc1 Rxc1
21. Rxc1 Rc8 22. Rxc8+ Bxc8 23. Bc3 Bb7 24. f3 h5 25. Bb4 Kh7 26. Ke3 g5 27.
Be7 Kg6 28. h4 gxh4 29. Kf4 h3 30. gxh3 a5 31. h4 1/2-1/2

[Event "Moscú open 2006"]
[Site "Moscu RUS"]
[Date "2006.01.31"]
[Round "3.10"]
[White "Aleshin, Oleg"]
[Black "Kryakvin, Dmitry"]
[Result "1/2-1/2"]
[WhiteElo "2423"]
[BlackElo "2479"]
[PlyCount "100"]
[EventDate "2006.01.29"]
[EventType "swiss"]
[EventRounds "9"]
[EventCountry "RUS"]
[Source "lmi"]
[SourceDate "2006.02.06"]

1. e4 c5 2. Nf3 d6 3. d4 cxd4 4. Nxd4 Nf6 5. Nc3 Nc6 6. Bc4 e6 7. a4 Be7 8. Qe2
O-O 9. O-O Nb4 10. Bb3 d5 11. exd5 Nfxd5 12. Nxd5 Nxd5 13. Qf3 Bf6 14. Rd1 Qa5
15. c3 Rd8 16. Bc2 Bd7 17. Qe4 g6 18. Bh6 Qb6 19. Rab1 Rac8 20. Qf3 Bg7 21.
Bxg7 Kxg7 22. Re1 Nf6 23. a5 Qc7 24. Ra1 e5 25. Nb3 Re8 26. Nd2 Bc6 27. Ne4 Nd5
28. c4 Nf4 29. g3 Nh3+ 30. Kg2 Bxe4 31. Bxe4 Ng5 32. Qe3 Nxe4 33. Qxe4 f5 34.
Qf3 Qxc4 35. Qxb7+ Rc7 36. Qf3 e4 37. Qe3 Qb4 38. Re2 Rf7 39. Rd2 Re5 40. a6
Re6 41. Qd4+ Qxd4 42. Rxd4 Rb6 43. b4 Kh6 44. Ra5 Rc7 45. Ra2 Rcc6 46. b5 Rxb5
47. Rd7 Rbc5 48. Rxa7 Rc2 49. Rxc2 Rxc2 50. Re7 Ra2 1/2-1/2

[Event "Moscú open 2006"]
[Site "Moscu RUS"]
[Date "2006.01.31"]
[Round "3.11"]
[White "Khruschiov, Alexey"]
[Black "Hasangatin, Ramil"]
[Result "1/2-1/2"]
[WhiteElo "2444"]
[BlackElo "2353"]
[PlyCount "30"]
[EventDate "2006.01.29"]
[EventType "swiss"]
[EventRounds "9"]
[EventCountry "RUS"]
[Source "lmi"]
[SourceDate "2006.02.06"]

1. e4 c5 2. Nf3 e6 3. d4 cxd4 4. Nxd4 Nc6 5. Nb5 Nf6 6. Bf4 e5 7. Bg5 Bc5 8.
Bd3 h6 9. Bxf6 Qxf6 10. O-O O-O 11. Nc7 Rb8 12. Nc3 a6 13. a4 d6 14. N7d5 Qh4
15. Qf3 Be6 1/2-1/2

[Event "Moscú open 2006"]
[Site "Moscu RUS"]
[Date "2006.01.31"]
[Round "3.12"]
[White "Petrosian, Davit Gevorgi"]
[Black "Aleksandrov, Aleksej"]
[Result "1/2-1/2"]
[WhiteElo "2377"]
[BlackElo "2635"]
[PlyCount "65"]
[EventDate "2006.01.29"]
[EventType "swiss"]
[EventRounds "9"]
[EventCountry "RUS"]
[Source "lmi"]
[SourceDate "2006.02.06"]

1. e4 e5 2. Nf3 Nc6 3. d4 exd4 4. Nxd4 Nf6 5. Nxc6 bxc6 6. e5 Qe7 7. Qe2 Nd5 8.
c4 Nb6 9. Nc3 Qe6 10. Bd2 Ba6 11. b3 Ba3 12. Qe4 Qg6 13. Qf3 O-O-O 14. Bd3 Qe6
15. O-O Qxe5 16. Rfe1 Qf6 17. c5 Bxd3 18. Qxd3 Bxc5 19. Ne4 Qe5 20. Bc3 Qh5 21.
Qa6+ Kb8 22. Qa5 d6 23. b4 f5 24. Nxc5 dxc5 25. bxc5 Rd5 26. Qa3 Rhd8 27. cxb6
axb6 28. Be5 Re8 29. Qg3 Re7 30. Bxg7 Rxe1+ 31. Rxe1 Qe2 32. Qe3 Qxa2 33. h4
1/2-1/2

[Event "Moscú open 2006"]
[Site "Moscu RUS"]
[Date "2006.01.31"]
[Round "3.13"]
[White "Tarlev, Konstantin"]
[Black "Riazantsev, Alexander"]
[Result "1/2-1/2"]
[WhiteElo "2376"]
[BlackElo "2596"]
[PlyCount "76"]
[EventDate "2006.01.29"]
[EventType "swiss"]
[EventRounds "9"]
[EventCountry "RUS"]
[Source "lmi"]
[SourceDate "2006.02.06"]

1. e4 e6 2. Nc3 d5 3. d4 Nf6 4. e5 Nfd7 5. f4 c5 6. Nf3 Nc6 7. Be3 a6 8. g3
cxd4 9. Nxd4 Bc5 10. Nce2 Qb6 11. Rb1 f6 12. exf6 Nxf6 13. b4 Nxd4 14. Bxd4
Bxd4 15. Qxd4 Qc7 16. Qc3 Qd6 17. Bg2 Bd7 18. Qc5 Ke7 19. Qxd6+ Kxd6 20. Kd2
Rac8 21. Nd4 h6 22. h4 Rc4 23. c3 Rhc8 24. Rbc1 Rg8 25. Bf3 Rcc8 26. Rce1 a5
27. a3 axb4 28. axb4 Ra8 29. Re3 Ra2+ 30. Kd3 Rc8 31. Rhe1 Re8 32. Re5 Rh2 33.
R1e2 Rxe2 34. Rxe2 Ra8 35. g4 g5 36. fxg5 hxg5 37. hxg5 Nh7 38. g6 Ng5 1/2-1/2

[Event "Moscú open 2006"]
[Site "Moscu RUS"]
[Date "2006.01.31"]
[Round "3.14"]
[White "Bocharov, Dmitry"]
[Black "Pustov, Pavel"]
[Result "0-1"]
[WhiteElo "2585"]
[BlackElo "2392"]
[PlyCount "66"]
[EventDate "2006.01.29"]
[EventType "swiss"]
[EventRounds "9"]
[EventCountry "RUS"]
[Source "lmi"]
[SourceDate "2006.02.06"]

1. d4 Nf6 2. c4 e6 3. Nc3 Bb4 4. Qc2 O-O 5. a3 Bxc3+ 6. Qxc3 b6 7. Nf3 Bb7 8.
e3 d6 9. Be2 Nbd7 10. O-O Qe7 11. b4 c5 12. Bb2 Rfc8 13. Rfd1 d5 14. dxc5 bxc5
15. b5 Nb6 16. a4 dxc4 17. a5 Nbd5 18. Qxc4 Nb4 19. Nd2 Ne8 20. e4 Nd6 21. Qc3
f5 22. exf5 Nxf5 23. Qe5 Bd5 24. Rac1 Qg5 25. g3 Qg6 26. Nc4 Rab8 27. Qf4 Rxb5
28. Ne5 Qe8 29. Bxb5 Qxb5 30. g4 Nd6 31. Qg5 Qb7 32. Rxc5 Rf8 33. Qc1 Ne4 0-1

[Event "Moscú open 2006"]
[Site "Moscu RUS"]
[Date "2006.01.31"]
[Round "3.16"]
[White "Potkin, Vladimir"]
[Black "Kargin, Arseny"]
[Result "1/2-1/2"]
[WhiteElo "2546"]
[BlackElo "2408"]
[PlyCount "74"]
[EventDate "2006.01.29"]
[EventType "swiss"]
[EventRounds "9"]
[EventCountry "RUS"]
[Source "lmi"]
[SourceDate "2006.02.06"]

1. e4 c5 2. Nf3 d6 3. d4 cxd4 4. Nxd4 Nf6 5. Nc3 g6 6. Be3 Bg7 7. f3 Nc6 8. Qd2
O-O 9. Bc4 Bd7 10. h4 Rc8 11. Bb3 h5 12. O-O-O Ne5 13. Bg5 Rc5 14. Kb1 b5 15.
g4 hxg4 16. h5 Nxh5 17. Rxh5 gxh5 18. Qh2 Nxf3 19. Nxf3 gxf3 20. Nd5 Rxd5 21.
Bxd5 Bg4 22. Qh4 Re8 23. Bc6 f6 24. Be3 a6 25. Rg1 Qc8 26. Bxe8 Qxe8 27. Rxg4
hxg4 28. Qxg4 Kf8 29. a3 Qc6 30. Qxf3 e6 31. Bh6 f5 32. Bxg7+ Kxg7 33. Qg3+ Kf7
34. exf5 exf5 35. Qh3 Qc5 36. Qh7+ Kf6 37. Qh6+ Ke5 1/2-1/2

[Event "Moscú open 2006"]
[Site "Moscu RUS"]
[Date "2006.01.31"]
[Round "3.17"]
[White "Zakharstov, Viacheslav V"]
[Black "Arghyadip, Das"]
[Result "1/2-1/2"]
[WhiteElo "2529"]
[BlackElo "2430"]
[PlyCount "86"]
[EventDate "2006.01.29"]
[EventType "swiss"]
[EventRounds "9"]
[EventCountry "RUS"]
[Source "lmi"]
[SourceDate "2006.02.06"]

1. d4 d5 2. c4 c6 3. Nf3 Nf6 4. Nc3 a6 5. e3 b5 6. c5 g6 7. Bd3 Bg7 8. Bd2 O-O
9. b4 Bg4 10. h3 Bxf3 11. gxf3 a5 12. bxa5 e5 13. Ne2 Nfd7 14. a4 exd4 15. exd4
Qf6 16. O-O Qxf3 17. Nf4 Qxd1 18. Raxd1 bxa4 19. Ne2 Na6 20. Rb1 Rfe8 21. Rfc1
Naxc5 22. Rxc5 Nxc5 23. dxc5 Rxe2 24. Bxe2 a3 25. a6 a2 26. Rd1 a1=Q 27. Rxa1
Bxa1 28. Ba5 Be5 29. Bb6 Bb8 30. Kg2 Kf8 31. Kf3 Ra7 32. Ke3 Re7+ 33. Kd2 Ke8
34. Bd1 Ra7 35. Be2 Kd7 36. Kc3 Ra8 37. Kb4 Ba7 38. Bd3 Bb8 39. Be2 f5 40. Bd3
Ba7 41. Ka5 Bb8 42. Kb4 Ba7 43. Ka5 Bb8 1/2-1/2

[Event "Moscú open 2006"]
[Site "Moscu RUS"]
[Date "2006.01.31"]
[Round "3.18"]
[White "Slugin, Sergey"]
[Black "Dvoirys, Semen I"]
[Result "1/2-1/2"]
[WhiteElo "2342"]
[BlackElo "2595"]
[PlyCount "26"]
[EventDate "2006.01.29"]
[EventType "swiss"]
[EventRounds "9"]
[EventCountry "RUS"]
[Source "lmi"]
[SourceDate "2006.02.06"]

1. d4 Nf6 2. c4 d6 3. Nc3 Nbd7 4. Nf3 e5 5. Bg5 Be7 6. e3 O-O 7. Qc2 h6 8. Bh4
exd4 9. Nxd4 Re8 10. Be2 Bf8 11. O-O c6 12. Rad1 Qc7 13. Qd2 g6 1/2-1/2

[Event "Moscú open 2006"]
[Site "Moscu RUS"]
[Date "2006.01.31"]
[Round "3.19"]
[White "Zontakh, Andrey"]
[Black "Filipenko, Alexander V"]
[Result "1-0"]
[WhiteElo "2515"]
[BlackElo "2388"]
[PlyCount "59"]
[EventDate "2006.01.29"]
[EventType "swiss"]
[EventRounds "9"]
[EventCountry "RUS"]
[Source "lmi"]
[SourceDate "2006.02.06"]

1. e4 c6 2. d4 d5 3. Nc3 dxe4 4. Nxe4 Bf5 5. Ng3 Bg6 6. h4 h6 7. Nf3 Nd7 8. h5
Bh7 9. Bd3 Bxd3 10. Qxd3 e6 11. Bd2 Ngf6 12. O-O-O Be7 13. Kb1 O-O 14. Qe2 Qc7
15. Ne4 c5 16. g4 Nxg4 17. Rhg1 f5 18. Ng3 Qb6 19. d5 Rae8 20. Qxe6+ Qxe6 21.
dxe6 Nb6 22. Bc3 Bf6 23. Bxf6 Rxf6 24. Nh4 Nxf2 25. Ngxf5 Nxd1 26. Rxg7+ Kh8
27. Ng6+ Rxg6 28. hxg6 Rxe6 29. Rh7+ Kg8 30. Nxh6+ 1-0

[Event "Moscú open 2006"]
[Site "Moscu RUS"]
[Date "2006.01.31"]
[Round "3.20"]
[White "Kremenietsky, Anatoly M"]
[Black "Smikovski, Ivan"]
[Result "0-1"]
[WhiteElo "2399"]
[BlackElo "2498"]
[PlyCount "48"]
[EventDate "2006.01.29"]
[EventType "swiss"]
[EventRounds "9"]
[EventCountry "RUS"]
[Source "lmi"]
[SourceDate "2006.02.06"]

1. d4 Nf6 2. Nf3 g6 3. g3 Bg7 4. Bg2 d5 5. O-O O-O 6. c4 dxc4 7. Na3 c3 8. bxc3
c5 9. Ne5 Nc6 10. Nxc6 bxc6 11. Bxc6 Bh3 12. Bxa8 Qxa8 13. f3 Nd5 14. Rf2 Nxc3
15. Qc2 cxd4 16. Bb2 Rc8 17. Qd2 Qd5 18. Rc1 Qc5 19. Nb1 Rb8 20. Na3 Qb4 21. e4
dxe3 22. Qxe3 Bd4 23. Qxc3 Bxc3 24. Rxc3 Qd4 0-1

[Event "Moscú open 2006"]
[Site "Moscu RUS"]
[Date "2006.01.31"]
[Round "3.21"]
[White "Guseinov, Elmir"]
[Black "Lysyj, Igor"]
[Result "0-1"]
[WhiteElo "2311"]
[BlackElo "2474"]
[PlyCount "72"]
[EventDate "2006.01.29"]
[EventType "swiss"]
[EventRounds "9"]
[EventCountry "RUS"]
[Source "lmi"]
[SourceDate "2006.02.06"]

1. c4 Nf6 2. Nc3 c5 3. g3 e6 4. Nf3 b6 5. Bg2 Bb7 6. O-O Be7 7. Re1 Ne4 8. Qc2
Nxc3 9. dxc3 d6 10. Bf4 Nc6 11. Rad1 Qc7 12. e4 Ne5 13. Nd2 a6 14. h3 O-O 15.
a4 Bc6 16. b4 cxb4 17. cxb4 Bb7 18. Qb3 a5 19. bxa5 Rxa5 20. Be3 Nd7 21. Rb1
Bd8 22. Ra1 Bc6 23. Reb1 Bf6 24. Ra2 Ra6 25. Qb4 Rfa8 26. Nb3 Rxa4 27. Rxa4
Rxa4 28. Qd2 Ne5 29. Bd4 Nxc4 30. Qc3 e5 31. Be3 b5 32. Nd2 Nxe3 33. fxe3 Qb6
34. Kh2 h6 35. Qd3 Be7 36. Qb3 Qc5 0-1

[Event "Moscú open 2006"]
[Site "Moscu RUS"]
[Date "2006.01.31"]
[Round "3.22"]
[White "Mingachev, Mansur"]
[Black "Novikov, Stanislav"]
[Result "0-1"]
[WhiteElo "2279"]
[BlackElo "2514"]
[PlyCount "48"]
[EventDate "2006.01.29"]
[EventType "swiss"]
[EventRounds "9"]
[EventCountry "RUS"]
[Source "lmi"]
[SourceDate "2006.02.06"]

1. d4 d6 2. Nf3 Nf6 3. Nc3 Nbd7 4. e4 e5 5. dxe5 dxe5 6. Bc4 Bb4 7. O-O c6 8.
Qe2 O-O 9. a4 Qc7 10. h3 b6 11. Na2 Be7 12. Nc3 Nc5 13. Bg5 a6 14. Bxf6 Bxf6
15. Nd1 Be7 16. c3 g6 17. b4 Ne6 18. Ne3 Nf4 19. Qb2 Kg7 20. Rfd1 f5 21. exf5
gxf5 22. Rd2 Ra7 23. Rf1 b5 24. Bb3 Rf6 0-1

[Event "Moscú open 2006"]
[Site "Moscu RUS"]
[Date "2006.01.31"]
[Round "3.25"]
[White "Gabrielian, Artur"]
[Black "Gorbatow, Alexej"]
[Result "1-0"]
[WhiteElo "2495"]
[BlackElo "2424"]
[PlyCount "40"]
[EventDate "2006.01.29"]
[EventType "swiss"]
[EventRounds "9"]
[EventCountry "RUS"]
[Source "lmi"]
[SourceDate "2006.02.06"]

1. e4 e5 2. Nf3 Nc6 3. Bb5 Nf6 4. d3 Ne7 5. Bc4 c6 6. Nc3 Ng6 7. d4 Bb4 8. dxe5
Nxe4 9. Qd4 Qa5 10. Qxe4 Bxc3+ 11. bxc3 Qxc3+ 12. Ke2 Qxa1 13. Rd1 Qc3 14. Bd2
Qb2 15. Bb3 O-O 16. Qb4 d5 17. Bc1 a5 18. Qd2 Qxc1 19. Qxc1 a4 20. Bxd5 cxd5
1-0

[Event "Moscú open 2006"]
[Site "Moscu RUS"]
[Date "2006.02.01"]
[Round "4.1"]
[White "Amonatov, Farrukh"]
[Black "Maslak, Konstantin"]
[Result "0-1"]
[WhiteElo "2588"]
[BlackElo "2477"]
[PlyCount "52"]
[EventDate "2006.01.29"]
[EventType "swiss"]
[EventRounds "9"]
[EventCountry "RUS"]
[Source "lmi"]
[SourceDate "2006.02.06"]

1. e4 e6 2. d4 d5 3. Nc3 Nf6 4. Bg5 dxe4 5. Nxe4 Nbd7 6. Nf3 h6 7. Nxf6+ Nxf6
8. Bxf6 Qxf6 9. Bb5+ c6 10. Bd3 Bd7 11. c3 O-O-O 12. O-O c5 13. Qb3 Bc6 14. Ne5
Bd5 15. c4 Bxg2 16. Kxg2 Rxd4 17. f4 Bd6 18. Rae1 Rxf4 19. Rxf4 Qxf4 20. Be4
Qd2+ 21. Kh3 Bxe5 22. Qxb7+ Kd8 23. Qa8+ Ke7 24. Qxa7+ Kf6 25. Rf1+ Bf4 26. Bg2
Qd3+ 0-1

[Event "Moscú open 2006"]
[Site "Moscu RUS"]
[Date "2006.02.01"]
[Round "4.2"]
[White "Konovalov, Nikolay"]
[Black "Khismatullin, Denis"]
[Result "1-0"]
[WhiteElo "2419"]
[BlackElo "2548"]
[PlyCount "85"]
[EventDate "2006.01.29"]
[EventType "swiss"]
[EventRounds "9"]
[EventCountry "RUS"]
[Source "lmi"]
[SourceDate "2006.02.06"]

1. d4 Nf6 2. c4 g6 3. g3 Bg7 4. Bg2 O-O 5. Nc3 d6 6. Nf3 Nbd7 7. O-O e5 8. e4
a6 9. Qc2 c6 10. Rd1 Re8 11. dxe5 dxe5 12. c5 Qc7 13. Na4 Rb8 14. b3 Nf8 15. h3
Be6 16. Bb2 N6d7 17. Bc3 Rbd8 18. Qb2 f6 19. Rd2 Bh6 20. Rd3 Bf7 21. Rad1 Ne6
22. b4 Ndf8 23. Nb6 Rxd3 24. Rxd3 Rd8 25. Bf1 Rxd3 26. Bxd3 Qd8 27. Be2 a5 28.
Nc4 axb4 29. Qxb4 Nd7 30. Qxb7 Ndxc5 31. Qxc6 Bf8 32. Ba5 Qb8 33. Ncd2 Qb2 34.
Bc4 Qc1+ 35. Kg2 Nd3 36. Qc8 Ndc5 37. Bd5 Kg7 38. Bb4 h5 39. Nb3 Nxb3 40. Bxf8+
Kg8 41. Bc5+ Kg7 42. Bxe6 Bxe6 43. Qf8+ 1-0

[Event "Moscú open 2006"]
[Site "Moscu RUS"]
[Date "2006.02.01"]
[Round "4.3"]
[White "Smirnov, Igor"]
[Black "Zontakh, Andrey"]
[Result "1/2-1/2"]
[WhiteElo "2438"]
[BlackElo "2515"]
[PlyCount "35"]
[EventDate "2006.01.29"]
[EventType "swiss"]
[EventRounds "9"]
[EventCountry "RUS"]
[Source "lmi"]
[SourceDate "2006.02.06"]

1. e4 c6 2. d4 d5 3. e5 Bf5 4. Be3 e6 5. Nd2 Nd7 6. Be2 Ne7 7. f4 c5 8. Ngf3
Nc6 9. c3 cxd4 10. Nxd4 Nxd4 11. Bxd4 Bc5 12. Nb3 Bxd4 13. Nxd4 Be4 14. O-O O-O
15. Bf3 Nc5 16. Bxe4 Nxe4 17. Qe2 Qc7 18. Rae1 1/2-1/2